000 00542nam a22001817a 4500
005 20180907152522.0
010 _aENG-124129
020 _a9788182748859
_c495.00
035 _aEN-107661
037 _bDBAD/PUB.
082 _a940.421
100 _aBaljit Singh
245 _aA tale of two victoria crosses /
_cby Baljit Singh
260 _aNew Delhi
_bPentagon Press
_c2017
270 _a206, Peacock Lane, Shahpur Jat
_bNew Delhi
_e110049
300 v _a81p.
_c21cm(Hb)
_bill.picture
942 _2ddc
_cEN
_mBAL
_h940.421
999 _c157148
_d157148